000 00324 a2200157 4500
001 67105
020 _a9788555431289
040 _cAnchieta - Pituba
100 _aNicola, José de
240 1 0 _aA voz dos outros
_lpor
245 1 0 _aA voz dos outros
300 _a247
362 0 _a2018
650 4 _aPoesia
942 _cBK
999 _c67105
_d67105